000 00746nam a2200205 i 4500
001 8995
003 KOSZ 005
005 20180314133813.0
008 050725s2004 pl a f f |001 0 pol c
015 _aPB 2013/28422
020 _a8373650644
040 _aWA N
_cWA N
_dKOSZ 005/HR
080 _a004.92
080 _a004.42
100 1 0 _aMUSIAŁ, Wojciech.
_cKatedra Inżynierii Produkcji
_bPolitechnika Koszalińska - Wydział Mechaniczny,
_d1997 - .
245 1 0 _aPodstawy modelowania geometrycznego 3D w zintegrowanym systemie komputerowym I-DEAS /
_cWojciech Musiał ; Politechnika Koszalińska.
260 _aKoszalin :
_bWydaw. Uczelniane Politechniki Koszalińskiej,
_c2004.
504 _aBibliogr. s. 308. Indeks.
942 _2UKD
_cKS
999 _c8995
_d8995